Yöneylem araştırması dergisi = Transactions on operational research. (Record no. 200464361)
[ view plain ]
| 000 -LEADER | |
|---|---|
| fixed length control field | 00683nam a22002057a 4500 |
| 001 - CONTROL NUMBER | |
| control field | 200464361 |
| 003 - CONTROL NUMBER IDENTIFIER | |
| control field | TR-AnTOB |
| 005 - DATE AND TIME OF LATEST TRANSACTION | |
| control field | 20250505133023.0 |
| 008 - FIXED-LENGTH DATA ELEMENTS--GENERAL INFORMATION | |
| fixed length control field | 250505d tu fr||| 0 0 tur d |
| 040 ## - CATALOGING SOURCE | |
| Original cataloging agency | TR-AnTOB |
| Language of cataloging | eng |
| Description conventions | rda |
| Transcribing agency | TR-AnTOB |
| 222 #0 - KEY TITLE | |
| Key title | Yöneylem araştırması dergisi |
| 245 00 - TITLE STATEMENT | |
| Title | Yöneylem araştırması dergisi = Transactions on operational research. |
| 264 ## - PRODUCTION, PUBLICATION, DISTRIBUTION, MANUFACTURE, AND COPYRIGHT NOTICE | |
| Place of production, publication, distribution, manufacture | İstanbul : |
| Name of producer, publisher, distributor, manufacturer | Yöneylem Araştırması Derneği, |
| Date of production, publication, distribution, manufacture, or copyright notice | 1980- |
| 336 ## - CONTENT TYPE | |
| Content type term | text |
| Content type code | txt |
| Source | rdacontent |
| 337 ## - MEDIA TYPE | |
| Media type term | unmediated |
| Media type code | n |
| Source | rdamedia |
| 338 ## - CARRIER TYPE | |
| Carrier type term | volume |
| Carrier type code | nc |
| Source | rdacarrier |
| 590 ## - LOCAL NOTE (RLIN) | |
| Local note | Library has 1993-1996,1-2. 1998-2000,1-2. 2002-2004,1-2. |
| 942 ## - ADDED ENTRY ELEMENTS (KOHA) | |
| Source of classification or shelving scheme | Library of Congress Classification |
| Koha item type | Continuing Resource |
| Withdrawn status | Lost status | Source of classification or shelving scheme | Materials specified (bound volume or other part) | Not for loan | Collection code | Home library | Current library | Shelving location | Date acquired | Source of acquisition | Total Checkouts | Date last seen | Date shelved | Koha item type |
|---|---|---|---|---|---|---|---|---|---|---|---|---|---|---|
| Other/Generic Classification Scheme | 1993-1996 vol.5-8 no.1-2 | Ödünç Verilemez-Süreli Yayın / Not For Loan-Serials | Genel Referans Kaynakları-Ana Salon | Merkez Kütüphane | Merkez Kütüphane | Süreli Yayınlar Koleksiyonu / Periodicals Collection | 06/10/2017 | Bağış / Donation | 05/05/2025 | 05/05/2025 | Continuing Resource | |||
| Other/Generic Classification Scheme | 1998-2000 vol.9-12, no.1-2 | Ödünç Verilemez-Süreli Yayın / Not For Loan-Serials | Süreli Yayınlar | Merkez Kütüphane | Merkez Kütüphane | Süreli Yayınlar Koleksiyonu / Periodicals Collection | 06/10/2017 | Bağış / Donation | 07/05/2025 | 05/05/2025 | Continuing Resource | |||
| Other/Generic Classification Scheme | 2002-2004 vol.13-16, no.1-2 | Ödünç Verilemez-Süreli Yayın / Not For Loan-Serials | Süreli Yayınlar | Merkez Kütüphane | Merkez Kütüphane | Süreli Yayınlar Koleksiyonu / Periodicals Collection | 06/10/2017 | Bağış / Donation | 07/05/2025 | 05/05/2025 | Continuing Resource |
